|
|
|
|
| LEADER |
00000nam0a2200000 4500 |
| 001 |
29652 |
| 005 |
20231101205925.0 |
| 010 |
|
|
|a 0780357892
|
| 035 |
|
|
|a (RuTPU)RU\TPU\book\29918
|
| 035 |
|
|
|a BOOK00029993
|
| 090 |
|
|
|a 29652
|
| 100 |
|
|
|a 20011209d2000 k y0engy50 ba
|
| 101 |
0 |
|
|a eng
|
| 102 |
|
|
|a XX
|
| 105 |
|
|
|a a z 111|y
|
| 200 |
1 |
|
|a Modern Techniques and Technology
|e proceedings of the VI International Scientific and Practical Conference of Students, Post-graduates and Young Scientists, Tomsk, Febrary 28-March 3, 2000
|f Tomsk Polytechnic University (TPU) ; Institute of Electrical and Electroniccs Engineers (IEEE) ; Electric Devices Society (EDS)
|
| 210 |
|
|
|a Tomsk
|c TPU Publishing House
|d 2000
|
| 215 |
|
|
|a 228 p.
|
| 300 |
|
|
|a ТПУ: 1900-2000
|
| 320 |
|
|
|a Author Index.: p. 227-228.
|
| 510 |
1 |
|
|a MTT' 2000
|
| 610 |
1 |
|
|a техника
|
| 610 |
1 |
|
|a технологии
|
| 610 |
1 |
|
|a передовой опыт
|
| 610 |
1 |
|
|a конференции
|
| 610 |
1 |
|
|a Томск
|
| 610 |
1 |
|
|a английский язык
|
| 675 |
|
|
|a 62.001.8(063)
|v 3
|
| 712 |
0 |
2 |
|a Tomsk Polytechnic University (TPU)
|2 stltpush
|3 (RuTPU)RU\TPU\col\452
|
| 712 |
0 |
2 |
|a Institute of Electrical and Electroniccs Engineers (IEEE)
|
| 712 |
0 |
2 |
|a Electric Devices Society (EDS)
|9 26490
|
| 712 |
1 |
2 |
|a International Scientific and Practical Conference of Students, Post-graduates and Young Scientists
|d 6
|e Tomsk
|f 2000
|
| 801 |
|
2 |
|a RU
|b 63413507
|c 20141120
|g RCR
|
| 942 |
|
|
|c BK
|